Svrbice 750. výročie prvej písomnej zmienky : 1268-2018

Bibliographic Details
Main Authors: Jurčová, Michaela (Author), Púčeková, Vilma (Author), Brejková, Dominika (Author, Photographer), Hromádka, Vladimír (Author)
Other Authors: Mórová, Dáša (Collaborator), Bultmanová, Magdaléna (Photographer), Brejka, Martin (Photographer)
Format: Book
Language:Slovak
PhysicalDescription:48 strán faksimile, fotografie (prevažne farebné) 21 cm
Published: Topoľčany Tristanpress spol. s.r.o. 2018
ISBN:9788089173693
Subjects:

MARC

LEADER 00000cam a2200000 4500
001 vtls011838363
003 SK-MaSNL
005 20260301100804.0
008 200228s2018 xo ho gr 000 0 slo
015 |a SNBA2019/09 
020 |a 9788089173693  |q (brožované) 
035 |a urn:nbn:sk:snk-am00de8b 
035 |a urn:nbn:sk:snk-am3hz7w 
035 |a 468EF639-DD8B-49D1-85F5-48D0D3EB91E6 
040 |a SNK  |b slo  |c SNK  |e rda 
041 0 |a slo 
043 |a e-xo--- 
044 |a xo  |c SK 
072 7 |a 94(437.6)  |x Dejiny Slovenska  |2 konspekt 
080 |a 911.375(091)  |2 2011 
080 |a 913  |2 2011 
080 |a 929-058.1  |2 2011 
080 |a (048.8)  |2 2011 
080 |a (437.641)  |2 2011 
100 1 |a Jurčová, Michaela  |4 aut  |9 181985 
245 1 0 |a Svrbice  |b 750. výročie prvej písomnej zmienky : 1268-2018  |c autori: Michaela Jurčová, Vilma Púčeková, Dominika Brejková, Vladimír Hromádka 
264 1 |a Topoľčany  |b Tristanpress spol. s.r.o.  |c 2018 
300 |a 48 strán  |b faksimile, fotografie (prevažne farebné)  |c 21 cm 
336 |a text  |b txt  |2 rdacontent 
336 |a statický obraz  |b sti  |2 rdacontent 
337 |a bez média  |b n  |2 rdamedia 
338 |a zväzok  |b nc  |2 rdacarrier 
500 |a Vydané pre obec Svrbice 
650 0 7 |a dejiny obcí  |2 SNKPH  |9 164834 
650 0 7 |a regionálna geografia  |2 SNKPH  |9 822 
650 0 7 |a osobnosti  |2 SNKPH  |9 29820 
650 0 7 |a History of cities and towns  |2 SNKPHeng  |9 267901 
650 0 7 |a Regional geography  |2 SNKPHeng  |9 267552 
650 0 7 |a Regional celebrities  |2 SNKPHeng  |9 266494 
651 7 |a Svrbice (Slovensko)  |2 SNKPHgeo  |9 175317 
651 7 |a Svrbice (Slovakia)  |2 SNKPHeng  |9 434086 
655 7 |a monografie  |2 SNKPH  |9 70139 
655 7 |a Monographs  |2 SNKPHeng  |9 120675 
700 1 |a Púčeková, Vilma  |4 aut  |9 181986 
700 1 |a Brejková, Dominika  |4 aut  |4 pht  |9 181987 
700 1 |a Hromádka, Vladimír  |4 aut  |9 181988 
700 1 |a Mórová, Dáša  |4 clb  |9 434087 
700 1 |a Bultmanová, Magdaléna  |4 pht  |9 434088 
700 1 |a Brejka, Martin  |4 pht  |9 434089 
919 |a 978-80-89173-69-3 
999 |c 687351  |d 689281 
952 |a SNK  |b SNK  |y PREZ  |7 0  |p 17A1360286  |o snkSC 182982  |i snk2019/4975  |8 0  |0 0  |1 0  |4 0  |d 2019-02-21  |f 1  |l 0  |r 2026-02-23 20:16:31  |w 2026-02-23 
952 |a SNK  |b SNK  |y VYP  |7 0  |p 17A1360287  |o snkSC 182982 D1  |i snk2019/4976  |8 0  |0 0  |1 0  |4 0  |d 2019-02-21  |l 0  |r 2026-02-23 20:16:31  |w 2026-02-23